[Event "Sitges Sunway 7th"]
[Site "Sitges"]
[Date "2020.12.22"]
[Round "9"]
[White "Mayrhuber, Nikola"]
[Black "Odnorozhenko, Evgenyi"]
[Result "0-1"]
[WhiteElo "1998"]
[BlackElo "2170"]
[PlyCount "68"]
[EventDate "2020.12.13"]
[EventType "swiss"]
[EventRounds "10"]
[EventCountry "ESP"]
[SourceTitle "CBM 199 Extra"]
[Source "ChessBase"]
[SourceDate "2021.01.31"]
[SourceVersion "1"]
[SourceVersionDate "2021.01.31"]
[SourceQuality "1"]

1. d4 d5 2. c4 e6 3. g3 Nf6 4. Bg2 dxc4 5. Nf3 a6 6. Ne5 c5 7. e3 cxd4 8. exd4 Bb4+ 9. Nc3 0-0 10. Bg5 h6 11. h4 Nc6 12. Nxc6 bxc6 13. Bxc6 Rb8 14. Kf1 Be7 15. Rb1 Bb7 16. Bxb7 Rxb7 17. Qf3 Rd7 18. Be3 Nd5 19. Kg2 Qa5 20. Ne4 f5 21. Nc5 Bxc5 22. dxc5 f4 23. gxf4 Rdf7 24. Qe4 Nxf4+ 25. Kf1 Nd3 26. Qxe6 Kh8 27. Rh2 Qxa2 28. Rd1 Qxb2 29. Rd2 Qb1+ 30. Kg2 Rxf2+ 31. Rxf2 Rxf2+ 32. Kh3 Qf1+ 33. Kg4 Qe2+ 34. Kg3 Qf3# 0-1

[Event "Sitges Sunway 7th"]
[Site "Sitges"]
[Date "2020.12.15"]
[Round "3"]
[White "Catarineu Morales, Alex"]
[Black "Odnorozhenko, Evgenyi"]
[Result "1/2-1/2"]
[WhiteElo "1992"]
[BlackElo "2170"]
[PlyCount "60"]
[EventDate "2020.12.13"]
[EventType "swiss"]
[EventRounds "10"]
[EventCountry "ESP"]
[SourceTitle "CBM 199 Extra"]
[Source "ChessBase"]
[SourceDate "2021.01.31"]
[SourceVersion "1"]
[SourceVersionDate "2021.01.31"]
[SourceQuality "1"]

1. Nf3 d5 2. e3 Nf6 3. c4 e6 4. b3 Be7 5. Bb2 0-0 6. Be2 b6 7. 0-0 Bb7 8. d4 dxc4 9. bxc4 c5 10. Nc3 cxd4 11. exd4 Nc6 12. Rc1 Na5 13. Nb1 Rc8 14. Nbd2 Bd6 15. Bc3 Bxf3 16. Nxf3 Nxc4 17. d5 exd5 18. Bxf6 Qxf6 19. Qxd5 Ne5 20. Nxe5 Rxc1 21. Rxc1 Bxe5 22. g3 g6 23. Rd1 Kg7 24. Bc4 Re8 25. Rd3 Re7 26. Re3 Bb2 27. Rf3 Qe6 28. Qd3 Qe5 29. Re3 Qf6 30. Rf3 Qe5 1/2-1/2

[Event "Sitges Sunway 7th"]
[Site "Sitges"]
[Date "2020.12.14"]
[Round "2"]
[White "Odnorozhenko, Evgenyi"]
[Black "Garcia Ruiz, Adrian"]
[Result "1/2-1/2"]
[WhiteElo "2170"]
[BlackElo "2024"]
[PlyCount "60"]
[EventDate "2020.12.13"]
[EventType "swiss"]
[EventRounds "10"]
[EventCountry "ESP"]
[SourceTitle "CBM 199 Extra"]
[Source "ChessBase"]
[SourceDate "2021.01.31"]
[SourceVersion "1"]
[SourceVersionDate "2021.01.31"]
[SourceQuality "1"]

1. d4 Nf6 2. c4 g6 3. Nc3 Bg7 4. e4 d6 5. Nf3 0-0 6. Be2 e5 7. d5 a5 8. Bg5 h6 9. Bh4 Na6 10. Nd2 Bd7 11. 0-0 Qe8 12. a3 a4 13. Nb5 Bxb5 14. cxb5 Nc5 15. f3 b6 16. b4 axb3 17. Nxb3 Nfd7 18. Bf2 f5 19. Nxc5 Nxc5 20. Bxc5 bxc5 21. a4 Ra5 22. Qb3 Qb8 23. Qc4 Qa7 24. Bd1 f4 25. Bc2 Qb6 26. Kf2 Raa8 27. Ke2 Qa5 28. Rab1 Qb6 29. Ra1 Qa5 30. Rab1 Qb6 1/2-1/2

[Event "Sitges Sunway 7th"]
[Site "Sitges"]
[Date "2020.12.13"]
[Round "1"]
[White "Moussard, Jules"]
[Black "Odnorozhenko, Evgenyi"]
[Result "1-0"]
[WhiteElo "2626"]
[BlackElo "2170"]
[PlyCount "59"]
[EventDate "2020.12.13"]
[EventType "swiss"]
[EventRounds "10"]
[EventCountry "ESP"]
[SourceTitle "CBM 199 Extra"]
[Source "ChessBase"]
[SourceDate "2021.01.31"]
[SourceVersion "1"]
[SourceVersionDate "2021.01.31"]
[SourceQuality "1"]

1. e4 e5 2. Nf3 Nc6 3. Bb5 a6 4. Ba4 d6 5. c3 Bd7 6. 0-0 Nge7 7. d4 Ng6 8. Be3 Be7 9. Nbd2 0-0 10. Re1 h6 11. Nf1 Nh4 12. Nxh4 Bxh4 13. Qh5 Re8 14. Bb3 Rf8 15. Rad1 Bf6 16. dxe5 dxe5 17. Rd3 Qc8 18. h3 Be6 19. Bxh6 Bxb3 20. axb3 Qe6 21. Rg3 a5 22. Ne3 Ne7 23. Nd5 Ng6 24. Nxc7 Qc6 25. Nxa8 gxh6 26. Rxg6+ fxg6 27. Qxg6+ Bg7 28. Qxc6 bxc6 29. Nb6 Rb8 30. Nc4 1-0

[Event "Aarhus Chess House IM"]
[Site "Aarhus"]
[Date "2019.07.06"]
[Round "9"]
[White "Carlstedt, Jonathan"]
[Black "Odnorozhenko, Evgenyi"]
[Result "1-0"]
[WhiteElo "2408"]
[BlackElo "2247"]
[PlyCount "47"]
[EventDate "2019.06.30"]
[EventType "tourn"]
[EventRounds "9"]
[EventCountry "DEN"]
[EventCategory "2"]
[SourceTitle "CBM 191 Extra"]
[Source "ChessBase"]
[SourceDate "2019.09.30"]
[SourceVersion "1"]
[SourceVersionDate "2019.09.30"]
[SourceQuality "1"]

1. d4 Nf6 2. Bf4 e6 3. e3 d5 4. Nd2 Bd6 5. Bg3 0-0 6. Bd3 b6 7. Qe2 c5 8. c3 Nc6 9. Ngf3 Bb7 10. Rd1 Re8 11. e4 Be7 12. e5 Nd7 13. a3 f6 14. h4 fxe5 15. dxe5 Nf8 16. Nf1 Qc7 17. Ng5 c4 18. Bb1 Rad8 19. Ne3 d4 20. cxd4 Rxd4 21. Nxh7 Rxd1+ 22. Nxd1 Nxh7 23. Bxh7+ Kxh7 24. Qh5+ 1-0

[Event "Aarhus Chess House IM"]
[Site "Aarhus"]
[Date "2019.07.05"]
[Round "8"]
[White "Odnorozhenko, Evgenyi"]
[Black "Pedersen, Nicolai Kvist Brond"]
[Result "0-1"]
[WhiteElo "2247"]
[BlackElo "2325"]
[PlyCount "84"]
[EventDate "2019.06.30"]
[EventType "tourn"]
[EventRounds "9"]
[EventCountry "DEN"]
[EventCategory "2"]
[SourceTitle "CBM 191 Extra"]
[Source "ChessBase"]
[SourceDate "2019.09.30"]
[SourceVersion "1"]
[SourceVersionDate "2019.09.30"]
[SourceQuality "1"]

1. d4 Nf6 2. c4 c6 3. Nc3 d5 4. cxd5 cxd5 5. Bf4 Qb6 6. e3 Bg4 7. Qb3 Qxb3 8. axb3 Nc6 9. Nf3 Bxf3 10. gxf3 e6 11. Bd3 Be7 12. Ke2 0-0 13. h3 a6 14. Rhc1 Rac8 15. Na4 Nd7 16. Bc2 Na7 17. Bd3 Rxc1 18. Rxc1 Rc8 19. Rc7 Rxc7 20. Bxc7 Nc6 21. Nc3 Kf8 22. Bb1 g6 23. Na2 Ke8 24. Nc1 Bd8 25. Bd6 Be7 26. Bc7 Nf6 27. Nd3 Kd7 28. Bg3 Ne8 29. Bc2 Bd6 30. Ne5+ Nxe5 31. dxe5 Bc5 32. f4 Ng7 33. f3 Nf5 34. Bf2 d4 35. Bxf5 dxe3 36. Bxe3 Bxe3 37. Bxg6 fxg6 38. Kxe3 Kc6 39. Kd4 Kb5 40. Kc3 a5 41. Kd3 Kb4 42. Kc2 h6 0-1

[Event "Aarhus Chess House IM"]
[Site "Aarhus"]
[Date "2019.06.30"]
[Round "1"]
[White "Odnorozhenko, Evgenyi"]
[Black "Berg, Klaus"]
[Result "1/2-1/2"]
[WhiteElo "2247"]
[BlackElo "2295"]
[PlyCount "61"]
[EventDate "2019.06.30"]
[EventType "tourn"]
[EventRounds "9"]
[EventCountry "DEN"]
[EventCategory "2"]
[SourceTitle "CBM 191 Extra"]
[Source "ChessBase"]
[SourceDate "2019.09.30"]
[SourceVersion "1"]
[SourceVersionDate "2019.09.30"]
[SourceQuality "1"]

1. e4 c5 2. Nf3 e6 3. c3 Nf6 4. e5 Nd5 5. d4 cxd4 6. cxd4 d6 7. Bc4 Be7 8. 0-0 0-0 9. Bxd5 exd5 10. Nc3 dxe5 11. Nxe5 Nc6 12. Bf4 Nxe5 13. Bxe5 Be6 14. Qd2 Bb4 15. a3 Bxc3 16. Qxc3 f6 17. Bf4 Rc8 18. Qd2 Qd7 19. Rfc1 Rxc1+ 20. Rxc1 Rc8 21. Rxc8+ Qxc8 22. Qc1 Qxc1+ 23. Bxc1 Kf7 24. Kf1 Ke7 25. Ke2 Kd7 26. Bf4 a6 27. Kd2 Kc6 28. Kc3 Bf5 29. h4 h5 30. g3 Be4 31. Be3 1/2-1/2

[Event "Stockholm 4 Knights"]
[Site "Stockholm"]
[Date "2019.06.17"]
[Round "3"]
[White "Sorensen, Hampus"]
[Black "Odnorozhenko, Evgenyi"]
[Result "1/2-1/2"]
[WhiteElo "2333"]
[BlackElo "2247"]
[PlyCount "60"]
[EventDate "2019.06.15"]
[EventType "tourn"]
[EventRounds "9"]
[EventCountry "SWE"]
[SourceTitle "CBM 191 Extra"]
[Source "ChessBase"]
[SourceDate "2019.09.30"]
[SourceVersion "1"]
[SourceVersionDate "2019.09.30"]
[SourceQuality "1"]

1. d4 e6 2. c4 Nf6 3. Nf3 b6 4. a3 Bb7 5. Nc3 d5 6. Bg5 Be7 7. Qa4+ c6 8. Bxf6 Bxf6 9. cxd5 exd5 10. g3 0-0 11. Bg2 Nd7 12. 0-0 Re8 13. Rfe1 a6 14. Rad1 Qc7 15. h4 Rad8 16. Qc2 Qb8 17. Ng5 Nf8 18. e4 dxe4 19. Ncxe4 Bxg5 20. Nxg5 Rxe1+ 21. Rxe1 Re8 22. Be4 g6 23. Rc1 h6 24. Nf3 c5 25. Bxb7 Qxb7 26. Qc3 cxd4 27. Nxd4 Ne6 28. h5 Nxd4 29. Qxd4 gxh5 30. Qf4 Kg7 1/2-1/2

[Event "Wroclaw Polonia IM"]
[Site "Wroclaw"]
[Date "2019.04.30"]
[Round "3"]
[White "Mahitosh, Dey"]
[Black "Odnorozhenko, Evgenyi"]
[Result "1/2-1/2"]
[WhiteElo "2188"]
[BlackElo "2275"]
[PlyCount "157"]
[EventDate "2019.04.28"]
[EventType "tourn"]
[EventRounds "9"]
[EventCountry "POL"]
[SourceTitle "CBM 190 Extra"]
[Source "ChessBase"]
[SourceDate "2019.07.15"]
[SourceVersion "1"]
[SourceVersionDate "2019.07.15"]
[SourceQuality "1"]

1. e4 e5 2. Nf3 Nc6 3. d4 exd4 4. Nxd4 Bc5 5. Nb3 Bb6 6. Nc3 d6 7. Qe2 Nge7 8. Be3 Be6 9. 0-0-0 Qd7 10. f3 0-0-0 11. Bxb6 axb6 12. Nd4 Kb8 13. Nxe6 Qxe6 14. Qb5 Qe5 15. Bc4 Qxb5 16. Bxb5 Ne5 17. f4 N5c6 18. Rhe1 Ng6 19. g3 Nce7 20. Bc4 Rhf8 21. h4 c6 22. h5 Nh8 23. g4 f6 24. Ne2 b5 25. Bb3 Nc8 26. Nd4 Rfe8 27. c3 Ka7 28. Be6 Nb6 29. Bb3 Nc8 30. Nf5 Rd7 31. e5 fxe5 32. fxe5 d5 33. e6 Rc7 34. Re2 g6 35. Nd4 gxh5 36. gxh5 Rg7 37. Rf1 Rg5 38. Ref2 Rgg8 39. Re1 Nd6 40. Bc2 Rg5 41. Nf5 Ne4 42. Bxe4 Rxe6 43. Nd4 Re8 44. Nf3 Rxh5 45. Bd3 Rf8 46. Rh2 Rxh2 47. Nxh2 Ng6 48. Bxg6 hxg6 49. Rg1 Rf2 50. Ng4 Rf4 51. Ne5 d4 52. Nxg6 Re4 53. cxd4 Rxd4 54. Ne5 Re4 55. Nd3 b6 56. Re1 Rd4 57. Kc2 b4 58. Re7+ Ka6 59. Re6 Kb5 60. Rf6 c5 61. b3 Re4 62. Nb2 Re2+ 63. Kc1 Re8 64. Nc4 Rb8 65. Kd2 Ka6 66. Kd3 Ka7 67. Ke4 Ka6 68. Kd5 Rb7 69. Rd6 Rb8 70. Kc6 Rc8+ 71. Kd7 Rb8 72. Kc7 Rb7+ 73. Kc8 Ka7 74. Rd7 Rxd7 75. Kxd7 b5 76. Kc6 bxc4 77. bxc4 Ka6 78. Kxc5 Ka5 79. Kd6 1/2-1/2

[Event "Zolochiv Autumn 4th"]
[Site "Zolochiv"]
[Date "2017.11.05"]
[Round "9"]
[White "Strovsky, Mikhail"]
[Black "Odnorozhenko, Evgenyi"]
[Result "1/2-1/2"]
[WhiteElo "2058"]
[BlackElo "2317"]
[PlyCount "20"]
[EventDate "2017.10.31"]
[EventType "swiss"]
[EventRounds "9"]
[EventCountry "UKR"]
[SourceTitle "EXT 2019"]
[Source "ChessBase"]
[SourceDate "2018.10.10"]
[SourceVersion "1"]
[SourceVersionDate "2018.10.10"]
[SourceQuality "1"]

1. e4 e5 2. Nf3 Nc6 3. Bb5 a6 4. Ba4 d6 5. c3 Bd7 6. d4 Nge7 7. 0-0 Ng6 8. Re1 Be7 9. Nbd2 0-0 10. Nf1 Nh4 1/2-1/2

[Event "Zolochiv Autumn 4th"]
[Site "Zolochiv"]
[Date "2017.10.31"]
[Round "2"]
[White "Odnorozhenko, Evgenyi"]
[Black "Yushinov, Nikolay"]
[Result "1/2-1/2"]
[WhiteElo "2317"]
[BlackElo "2184"]
[PlyCount "56"]
[EventDate "2017.10.31"]
[EventType "swiss"]
[EventRounds "9"]
[EventCountry "UKR"]
[SourceTitle "EXT 2019"]
[Source "ChessBase"]
[SourceDate "2018.10.10"]
[SourceVersion "1"]
[SourceVersionDate "2018.10.10"]
[SourceQuality "1"]

1. e4 e6 2. d4 d5 3. exd5 exd5 4. c4 Nf6 5. Nc3 Nc6 6. Nf3 dxc4 7. Bxc4 Bd6 8. 0-0 0-0 9. h3 h6 10. Qc2 Nb4 11. Qb1 Be6 12. Bxe6 fxe6 13. Re1 Qd7 14. a3 Nbd5 15. Ne5 Bxe5 16. dxe5 Nxc3 17. bxc3 Nd5 18. c4 Nb6 19. Qe4 c6 20. Be3 Rad8 21. Rab1 Qd3 22. Qxd3 Rxd3 23. Bxb6 axb6 24. Rxb6 Rf7 25. Reb1 Rxa3 26. Rxb7 Rc3 27. Rxf7 Kxf7 28. Rb4 Kg6 1/2-1/2

[Event "Lvov Vasylyshyn Memorial 13th"]
[Site "Lvov"]
[Date "2016.12.09"]
[Round "7"]
[White "Sychevskyy, Andriy"]
[Black "Odnorozhenko, Evgenyi"]
[Result "1-0"]
[WhiteElo "2315"]
[BlackElo "2328"]
[PlyCount "29"]
[EventDate "2016.12.03"]
[EventType "tourn"]
[EventRounds "9"]
[EventCountry "UKR"]
[EventCategory "4"]
[SourceTitle "CBM 176 Extra"]
[Source "ChessBase"]
[SourceDate "2017.03.02"]
[SourceVersion "1"]
[SourceVersionDate "2017.03.02"]
[SourceQuality "1"]

1. d4 Nf6 2. c4 b6 3. Nc3 Bb7 4. Qc2 d5 5. cxd5 Nxd5 6. e4 Nxc3 7. bxc3 e5 8. dxe5 Qh4 9. Bd3 Nd7 10. Nf3 Qh5 11. 0-0 Nxe5 12. Nxe5 Qxe5 13. Qa4+ c6 14. Ba6 Bxa6 15. Qxc6+ 1-0

[Event "Lvov Vasylyshyn Memorial 13th"]
[Site "Lvov"]
[Date "2016.12.06"]
[Round "4"]
[White "Odnorozhenko, Evgenyi"]
[Black "Terletsky, Oleg"]
[Result "0-1"]
[WhiteElo "2328"]
[BlackElo "2263"]
[PlyCount "58"]
[EventDate "2016.12.03"]
[EventType "tourn"]
[EventRounds "9"]
[EventCountry "UKR"]
[EventCategory "4"]
[SourceTitle "CBM 176 Extra"]
[Source "ChessBase"]
[SourceDate "2017.03.02"]
[SourceVersion "1"]
[SourceVersionDate "2017.03.02"]
[SourceQuality "1"]

1. e4 e5 2. Bc4 Nf6 3. d4 exd4 4. Nf3 Nc6 5. e5 d5 6. Bb5 Ne4 7. Nxd4 Bd7 8. Bxc6 bxc6 9. 0-0 Bc5 10. f3 Ng5 11. f4 Ne4 12. Be3 0-0 13. Nd2 Nxd2 14. Qxd2 Bb6 15. Nb3 Qe7 16. Rae1 a5 17. f5 f6 18. e6 Bc8 19. Nd4 Bb7 20. c3 c5 21. Ne2 Rfd8 22. Rf4 d4 23. Bf2 a4 24. Rc1 Ba5 25. Qd3 dxc3 26. Qb1 cxb2 27. Qxb2 Bd2 28. Bxc5 Qxc5+ 29. Rxc5 Be3+ 0-1

[Event "Lvov Vasylyshyn Memorial 13th"]
[Site "Lvov"]
[Date "2016.12.04"]
[Round "2"]
[White "Odnorozhenko, Evgenyi"]
[Black "Plichta, Kamil"]
[Result "1-0"]
[WhiteElo "2328"]
[BlackElo "2336"]
[PlyCount "63"]
[EventDate "2016.12.03"]
[EventType "tourn"]
[EventRounds "9"]
[EventCountry "UKR"]
[EventCategory "4"]
[SourceTitle "CBM 176 Extra"]
[Source "ChessBase"]
[SourceDate "2017.03.02"]
[SourceVersion "1"]
[SourceVersionDate "2017.03.02"]
[SourceQuality "1"]

1. e4 e5 2. Bc4 Nf6 3. d4 exd4 4. Nf3 Nc6 5. e5 d5 6. Bb5 Ne4 7. Nxd4 Bc5 8. 0-0 0-0 9. Bxc6 bxc6 10. Be3 Qe8 11. f3 Ng5 12. f4 f6 13. fxg5 fxe5 14. Nf5 d4 15. Nxd4 Rxf1+ 16. Qxf1 exd4 17. Bf2 Bd6 18. Nd2 c5 19. c3 Qh5 20. h3 Qxg5 21. Ne4 Qg6 22. Nxd6 cxd6 23. cxd4 cxd4 24. Bxd4 Bxh3 25. Qf3 Bxg2 26. Qxg2 Qxg2+ 27. Kxg2 Rc8 28. Bxa7 Rc2+ 29. Kf3 Rxb2 30. a4 Kf7 31. a5 Rb7 32. Be3 1-0

[Event "Ceske Budejovice op"]
[Site "Ceske Budejovice"]
[Date "2016.06.28"]
[Round "5"]
[White "Gleizerov, Evgeny"]
[Black "Odnorozhenko, Evgenyi"]
[Result "1-0"]
[WhiteElo "2506"]
[BlackElo "2303"]
[PlyCount "33"]
[EventDate "2016.06.24"]
[EventType "swiss"]
[EventRounds "9"]
[EventCountry "CZE"]
[SourceTitle "EXT 2017"]
[Source "ChessBase"]
[SourceDate "2016.10.25"]
[SourceVersion "1"]
[SourceVersionDate "2016.10.25"]
[SourceQuality "1"]

1. d4 Nf6 2. c4 b6 3. Nc3 Bb7 4. d5 e6 5. a3 Bd6 6. Nf3 0-0 7. Bg5 h6 8. Bh4 Re8 9. e3 Na6 10. Be2 c6 11. Ne4 Be7 12. d6 Bf8 13. Nxf6+ gxf6 14. Ne5 Nc5 15. Bh5 fxe5 16. Bxd8 Raxd8 17. b4 1-0

[Event "Berlin Spandau op 1st"]
[Site "Berlin"]
[Date "2015.12.27"]
[Round "1"]
[White "Odnorozhenko, Evgenyi"]
[Black "Reck, Jessica"]
[Result "1-0"]
[WhiteElo "2302"]
[BlackElo "1659"]
[PlyCount "87"]
[EventDate "2015.12.27"]
[EventType "swiss"]
[EventRounds "7"]
[EventCountry "GER"]
[SourceTitle "EXT 2022"]
[Source "ChessBase"]
[SourceDate "2021.10.06"]
[SourceVersion "1"]
[SourceVersionDate "2021.10.06"]
[SourceQuality "1"]

1. e4 g6 2. d4 Bg7 3. Nc3 c6 4. Nf3 d5 5. h3 Nh6 6. Bg5 f6 7. Bf4 0-0 8. Qd3 Nf7 9. exd5 cxd5 10. Qb5 e6 11. Qb3 a6 12. Na4 Nd7 13. Qc3 e5 14. Be3 b5 15. Nc5 Nxc5 16. Qxc5 Bb7 17. Qb4 Nd6 18. Be2 Rc8 19. c3 Nc4 20. Bc1 Re8 21. 0-0 Bf8 22. Qb3 Bd6 23. dxe5 Nxe5 24. Nd4 Qc7 25. Bf4 Nc4 26. Bxd6 Qxd6 27. Rad1 Rc7 28. Bf3 Qf4 29. Rfe1 Rce7 30. Rxe7 Rxe7 31. Qc2 Kg7 32. a4 bxa4 33. Qxa4 Nd2 34. Qc2 Nxf3+ 35. Nxf3 Qc4 36. Nd4 Bc6 37. Qd2 Ba4 38. Re1 Re4 39. Re3 Rxe3 40. Qxe3 a5 41. Qe7+ Kh6 42. Qxf6 Qd3 43. Ne6 Qd2 44. Qh4# 1-0

[Event "Lvov July IM"]
[Site "Lvov"]
[Date "2015.07.31"]
[Round "8"]
[White "Musiaka, Viktor"]
[Black "Odnorozhenko, Evgenyi"]
[Result "0-1"]
[WhiteElo "1938"]
[BlackElo "2300"]
[PlyCount "78"]
[EventDate "2015.07.27"]
[EventType "tourn"]
[EventRounds "9"]
[EventCountry "UKR"]
[SourceTitle "CBM 167 Extra"]
[Source "ChessBase"]
[SourceDate "2015.09.14"]
[SourceVersion "1"]
[SourceVersionDate "2015.09.14"]
[SourceQuality "1"]

1. e4 e5 2. Nf3 Nc6 3. Bb5 a6 4. Ba4 d6 5. 0-0 Bd7 6. c3 Nge7 7. d4 Ng6 8. Be3 Be7 9. Nbd2 0-0 10. Bc2 exd4 11. Nxd4 Nxd4 12. cxd4 Bb5 13. Re1 Bg5 14. Qh5 Bxe3 15. Rxe3 Qf6 16. e5 dxe5 17. dxe5 Qb6 18. Ne4 Bd7 19. Ng5 h6 20. Nxf7 Nf4 21. Nxh6+ Qxh6 22. Qxh6 gxh6 23. f3 Be6 24. g3 Nd5 25. Ra3 Nb4 26. Be4 c6 27. Re1 Rad8 28. Re2 b5 29. Kg2 Bxa2 30. g4 Bc4 31. Rf2 Rd4 32. Kg3 a5 33. Rxa5 Re8 34. h4 Rxe5 35. Kf4 Nd3+ 36. Ke3 Rdxe4+ 37. fxe4 Nxf2 38. Kxf2 Rxe4 39. Kg3 Be6 0-1

[Event "Orsha (Women)"]
[Site "Orsha"]
[Date "2015.01.19"]
[Round "2"]
[White "Sagadijeva, Anna"]
[Black "Odnorozhenko, Evgenyi"]
[Result "0-1"]
[WhiteElo "1838"]
[BlackElo "2305"]
[PlyCount "60"]
[EventDate "2015.01.19"]
[EventType "tourn"]
[EventRounds "9"]
[EventCountry "BLR"]
[SourceTitle "CBM 164 Extra"]
[Source "ChessBase"]
[SourceDate "2015.03.02"]
[SourceVersion "1"]
[SourceVersionDate "2015.03.02"]
[SourceQuality "1"]

1. e4 e5 2. Nf3 Nc6 3. Nc3 Nf6 4. d4 exd4 5. Nxd4 Bb4 6. Nxc6 bxc6 7. Bd3 0-0 8. 0-0 d5 9. exd5 cxd5 10. Bg5 c6 11. Qf3 h6 12. Bxf6 Qxf6 13. Qxf6 gxf6 14. Ne2 Rb8 15. b3 Re8 16. a3 Bd6 17. Ng3 a5 18. Nf5 Bf8 19. a4 Re5 20. Nd4 Bd7 21. Nf3 Ree8 22. Nd4 Rb4 23. Nf5 Re5 24. Ne3 f5 25. Rfe1 Rf4 26. Nf1 Bg7 27. Rxe5 Bxe5 28. Re1 Bf6 29. g3 c5 30. Rd1 c4 0-1

[Event "Kolomna op"]
[Site "Kolomna"]
[Date "2013.10.02"]
[Round "6"]
[White "Klyuev, Alexander S"]
[Black "Odnorozhenko, Evgenyi"]
[Result "1-0"]
[WhiteElo "2259"]
[BlackElo "2270"]
[PlyCount "49"]
[EventDate "2013.09.29"]
[EventType "swiss"]
[EventRounds "9"]
[EventCountry "RUS"]
[SourceTitle "CBM 156 Extra"]
[Source "ChessBase"]
[SourceDate "2013.10.22"]
[SourceVersion "1"]
[SourceVersionDate "2013.10.22"]
[SourceQuality "1"]

1. e4 c5 2. Nf3 Nc6 3. Bb5 d6 4. Bxc6+ bxc6 5. 0-0 e5 6. c3 f5 7. exf5 Bxf5 8. d4 cxd4 9. cxd4 e4 10. Qc2 Nf6 11. Bg5 Be7 12. Bxf6 Bxf6 13. Qxc6+ Kf8 14. Nfd2 d5 15. Nc3 Bxd4 16. Ndxe4 Bxe4 17. Nxe4 Rc8 18. Qa4 Bb6 19. Rad1 h5 20. Qb3 Qe7 21. Qxd5 Rd8 22. Qf5+ Kg8 23. Rxd8+ Qxd8 24. Rc1 Bc7 25. Ng5 1-0

[Event "Kolomna op"]
[Site "Kolomna"]
[Date "2013.10.01"]
[Round "5"]
[White "Odnorozhenko, Evgenyi"]
[Black "Kagramanianz, Vartan"]
[Result "1/2-1/2"]
[WhiteElo "2270"]
[BlackElo "2234"]
[PlyCount "61"]
[EventDate "2013.09.29"]
[EventType "swiss"]
[EventRounds "9"]
[EventCountry "RUS"]
[SourceTitle "CBM 156 Extra"]
[Source "ChessBase"]
[SourceDate "2013.10.22"]
[SourceVersion "1"]
[SourceVersionDate "2013.10.22"]
[SourceQuality "1"]

1. d4 d5 2. c4 c6 3. Nf3 Nf6 4. cxd5 cxd5 5. Nc3 Nc6 6. Bf4 a6 7. e3 Bg4 8. Bd3 e6 9. h3 Bxf3 10. Qxf3 Bd6 11. Bxd6 Qxd6 12. 0-0 0-0 13. Rfc1 Rfc8 14. Qd1 Nb4 15. a3 Nxd3 16. Qxd3 Rc6 17. Ne2 Rac8 18. Rxc6 Rxc6 19. Rc1 Qc7 20. Rxc6 Qxc6 21. Nc3 h6 22. Qd1 Kf8 23. Qb3 Nd7 24. Qb4+ Ke8 25. Na4 b6 26. Nc3 f6 27. Qb3 Ke7 28. Qc2 Kf7 29. Qd3 b5 30. h4 Qc4 31. Qd2 1/2-1/2